Analytical Reasoning (Record no. 5612)
[ view plain ]
| 000 -LEADER | |
|---|---|
| fixed length control field | 00289nam a2200121Ia 4500 |
| 008 - FIXED-LENGTH DATA ELEMENTS--GENERAL INFORMATION | |
| fixed length control field | 191201s2012 xx 000 0 und d |
| 100 ## - MAIN ENTRY--PERSONAL NAME | |
| Personal name | PANDEY, M K |
| 245 #0 - TITLE STATEMENT | |
| Title | Analytical Reasoning |
| 260 ## - PUBLICATION, DISTRIBUTION, ETC. (IMPRINT) | |
| Place of publication, distribution, etc | N. delhi |
| Name of publisher, distributor, etc | BSC publishing |
| Date of publication, distribution, etc | 2012 |
| 300 ## - PHYSICAL DESCRIPTION | |
| Extent | 709 |
| 650 ## - SUBJECT ADDED ENTRY--TOPICAL TERM | |
| Topical term or geographic name as entry element | B.Tech(ME) |
| 942 ## - ADDED ENTRY ELEMENTS (KOHA) | |
| Source of classification or shelving scheme | Dewey Decimal Classification |
| Koha item type | Text Books |
| Withdrawn status | Lost status | Source of classification or shelving scheme | Damaged status | Not for loan | Collection code | Home library | Current library | Date acquired | Source of acquisition | Cost, normal purchase price | Bill Number | Total Checkouts | Full call number | Acc. no. / Barcode | Date last seen | Bill Date | Koha item type | Public note | Date last borrowed |
|---|---|---|---|---|---|---|---|---|---|---|---|---|---|---|---|---|---|---|---|
| Dewey Decimal Classification | GENERAL | PIET C-LIBRARY | PIET C-LIBRARY | 08/05/2013 | IBH, New Delhi | 250.00 | 1014 | 160 PAA | 21658 | 04/12/2019 | 06/05/2013 | Text Books | Competition | ||||||
| Dewey Decimal Classification | GENERAL | PIET C-LIBRARY | PIET C-LIBRARY | 08/05/2013 | IBH, New Delhi | 250.00 | 1014 | 160 PAA | 21659 | 04/12/2019 | 06/05/2013 | Text Books | Competition | ||||||
| Dewey Decimal Classification | GENERAL | PIET C-LIBRARY | PIET C-LIBRARY | 08/05/2013 | IBH, New Delhi | 250.00 | 1014 | 160 PAA | 21660 | 04/12/2019 | 06/05/2013 | Text Books | Competition | ||||||
| Dewey Decimal Classification | GENERAL | PIET C-LIBRARY | PIET C-LIBRARY | 08/05/2013 | IBH, New Delhi | 250.00 | 1014 | 2 | 160 PAA | 21661 | 24/11/2025 | 06/05/2013 | Text Books | 16/09/2025 | |||||
| Dewey Decimal Classification | GENERAL | PIET C-LIBRARY | PIET C-LIBRARY | 08/05/2013 | IBH, New Delhi | 250.00 | 1014 | 160 PAA | 21662 | 04/12/2019 | 06/05/2013 | Text Books | Competition |